| 000 | 00835cam a22002773a 4500 | ||
|---|---|---|---|
| 001 | 1455 | ||
| 003 | PGUSA | ||
| 005 | 20140828083001.0 | ||
| 008 | 041031s2004||||xxu|||||s|||||000 1 eng d | ||
| 040 |
_aPGUSA _beng |
||
| 042 | _adc | ||
| 050 | 4 | _aPQ | |
| 100 | 1 |
_aBalzac, Honoré de, _d1799-1850 |
|
| 245 | 1 | 4 |
_aThe Hated Son _h[electronic resource] / _cHonoré de Balzac |
| 260 |
_bProject Gutenberg, _c2004 |
||
| 506 | _aPublic domain in the USA. | ||
| 516 | _aElectronic text | ||
| 653 | _aFrench fiction -- Translations into English | ||
| 653 | _aMan-woman relationships -- Fiction | ||
| 653 | _aNobility -- France -- Fiction | ||
| 653 | _aFrance -- Fiction | ||
| 700 | 1 |
_aWormeley, Katharine Prescott, _d1830-1908 |
|
| 830 | 0 |
_aProject Gutenberg _v1455 |
|
| 856 | 4 | 0 | _uhttp://www.gutenberg.org/ebooks/1455 |
| 942 | _cEB | ||
| 999 |
_c230803 _d230803 |
||